Le Moyen-Âge de A à Z - Statistiques

Statistiques générales
  • Ce quiz a été pris 1 593 fois
  • Le résultat moyen est 15 sur 26
Statistiques - réponses
Lettre Indice Réponse % Correct
J La pucelle d'Orléans Jeanne d'Arc
93%
P Epidémie destructrice ayant touché, au milieu du XIVe siècle, l'Asie, l'Afrique et l'Europe Peste noire
92%
C Il fut couronné empereur à Rome en l'an 800 Charlemagne
90%
D Fossés remplis d'eau et entourant un château ou une ville fortifiée Douves
84%
M Prophète né en 570, dans l'actuelle Arabie saoudite Mahomet
84%
F Système politique de l'Occident médiéval, marqué par le partage du pouvoir entre l'autorité central et les seigneurs locaux Féodalité
83%
V Puissants combattants du Nord Vikings
82%
N Région de Guillaume le Conquérant Normandie
78%
A Discipline "scientifique" visant entre autres à créer la pierre philosophale Alchimie
73%
I Tribunal ecclésiastique supposé lutter contre les hérésies Inquisition
67%
X Siècle de la Grande famine en Europe (en chiffres romains) XIV
66%
H Ancien peuple nomade dont l'influence s'affaiblit au début du Moyen-Âge Hun
64%
E Pays du nord ayant mené deux guerres d'indépendance Ecosse
56%
L Roi de France surnommé "le Hutin" Louis X
55%
R Période de l'histoire ibérique s'étendant de 722 à 1031 Reconquista
53%
U La plus ancienne d'Europe est à Bologne, alors dans le S Université
53%
G Royaume musulman du sud de l'Espagne Grenade
52%
S Entité puissante d'Europe centrale (962-1806) Saint-Empire
51%
K Capitale d'une Rus' au Moyen-Âge Kiev
42%
B Bourguignon ayant participé à la première croisade qui devint par celle-là premier Roi de Jérusalem Baudouin Ier
38%
O Puissant califat d'Asie et d'Europe Omeyyade
30%
T Comté des Albigeois Toulouse
28%
Q Conflit entre la papauté et le S au sujet de la nomination des évêques Querelle des Investitures
27%
Y Dynastie régnante à la fin du Moyen-Âge, en Chine Yuan
25%
W Figure des guerres d'indépendance de l'E William Wallace
23%
Z Dynastie ayant fondé le royaume de G Ziride
3%
Aucun quiz correspondant
Distribution des résultats
% des personnes avec chaque résultat
Percentile par nombre de réponses
Votre historique - résultats
Vous n’avez pas pris ce quiz